Feifel, Erich, Die Glaubensunterweisung und der abwesende Gott: Not und Zuversicht der Katechese im Kraftfeld des Unglaubens

Saved in:  
Bibliographic Details
Main Author: Sauer, Ralph 1928- (Author)
Format: Print Review
Language:German
Check availability: HBZ Gateway
Interlibrary Loan:Interlibrary Loan for the Fachinformationsdienste (Specialized Information Services in Germany)
Published: 1966
In: Katechetische Blätter
Year: 1966, Volume: 91, Issue: 12, Pages: 732-734
Further subjects:B Book review

MARC

LEADER 00000caa a22000002c 4500
001 1917696019
003 DE-627
005 20250327100124.0
007 tu
008 250220s1966 xx ||||| o 00| ||ger c
035 |a (DE-627)1917696019 
035 |a (DE-599)KXP1917696019 
040 |a DE-627  |b ger  |c DE-627  |e rakwb 
041 |a ger 
084 |a 1  |2 ssgn 
100 1 |e VerfasserIn  |0 (DE-588)124797644  |0 (DE-627)366426427  |0 (DE-576)216202256  |4 aut  |a Sauer, Ralph  |d 1928- 
109 |a Sauer, Ralph 1928- 
245 1 0 |a Feifel, Erich, Die Glaubensunterweisung und der abwesende Gott  |b Not und Zuversicht der Katechese im Kraftfeld des Unglaubens 
264 1 |c 1966 
336 |a Text  |b txt  |2 rdacontent 
337 |a ohne Hilfsmittel zu benutzen  |b n  |2 rdamedia 
338 |a Band  |b nc  |2 rdacarrier 
601 |a Zuversicht 
601 |a Katechese 
601 |a Kraftfeld 
601 |a Unglaube 
655 7 |a Rezension  |0 (DE-588)4049712-4  |0 (DE-627)106186019  |0 (DE-576)209083166  |2 gnd-content 
773 0 8 |i Enthalten in  |t Katechetische Blätter  |d Ostfildern : Matthias Grünewald Verlag in der Schwabenverlag AG, 1875  |g 91(1966), 12, Seite 732-734  |w (DE-627)129525790  |w (DE-600)213594-2  |w (DE-576)014944790  |x 0342-5517  |7 nnas 
773 1 8 |g volume:91  |g year:1966  |g number:12  |g pages:732-734 
935 |a DTH5 
951 |a AR 
ELC |b 1 
ITA |a 1  |t 1 
LOK |0 000 xxxxxcx a22 zn 4500 
LOK |0 001 4667300078 
LOK |0 003 DE-627 
LOK |0 004 1917696019 
LOK |0 005 20250220143127 
LOK |0 008 250220||||||||||||||||ger||||||| 
LOK |0 040   |a DE-Tue135  |c DE-627  |d DE-Tue135 
LOK |0 092   |o n 
LOK |0 852   |a DE-Tue135 
LOK |0 852 1  |9 00 
LOK |0 935   |a ixzs 
LOK |0 939   |a 20-02-25  |b l01 
ORI |a SA-MARC-ixtheoa001.raw